[Event "Enniscrone Sligo op-A"]
[Site "Enniscrone"]
[Date "2025.02.01"]
[Round "2"]
[White "Khanzharov, Edward"]
[Black "O'Neill, Paul Sean"]
[Result "1/2-1/2"]
[WhiteElo "1800"]
[BlackElo "1976"]
[PlyCount "71"]
[EventDate "2025.01.31"]
[EventType "swiss"]
[EventRounds "5"]
[EventCountry "IRL"]
[SourceTitle "CB06_2025"]
[SourceDate "2025.02.05"]
[SourceVersion "1"]
[SourceVersionDate "2025.02.05"]
[SourceQuality "1"]

1. e4 c6 2. d4 d5 3. e5 c5 4. dxc5 Nc6 5. f4 e6 6. Be3 Nh6 7. c3 a5 8. Nf3 a4 9. Na3 Nf5 10. Bf2 Qa5 11. Nb5 Bd7 12. Nd6+ Bxd6 13. cxd6 f6 14. Qd2 g5 15. g4 fxe5 16. fxe5 Nh6 17. Qxg5 Nf7 18. Qh4 Rf8 19. Bd3 d4 20. Bxd4 Qd5 21. 0-0 h5 22. Ng5 0-0-0 23. Be4 Qc4 24. b3 Qe2 25. Bf3 Qd2 26. Ne4 Qf4 27. Bg2 Qxg4 28. Qxg4 hxg4 29. bxa4 Nfxe5 30. Bxe5 Nxe5 31. Nc5 Nf3+ 32. Kh1 b6 33. Ne4 Bxa4 34. Bxf3 gxf3 35. Ng5 Bc6 36. Rf2 1/2-1/2

[Event "Enniscrone Sligo-ch"]
[Site "Enniscrone"]
[Date "2024.02.04"]
[Round "4"]
[White "Khanzharov, Edward"]
[Black "Campbell, Andrew"]
[Result "1-0"]
[WhiteElo "1548"]
[BlackElo "1600"]
[PlyCount "75"]
[EventDate "2024.02.02"]
[EventType "swiss"]
[EventRounds "5"]
[EventCountry "IRL"]
[SourceTitle "CBM 218 Extra"]
[Source "ChessBase"]
[SourceDate "2024.03.31"]
[SourceVersion "1"]
[SourceVersionDate "2024.03.31"]
[SourceQuality "1"]

1. f4 d5 2. Nf3 g6 3. e3 Bg7 4. c3 c5 5. d4 Nf6 6. Bd3 Nc6 7. 0-0 0-0 8. Nbd2 Qc7 9. Ne5 Nxe5 10. fxe5 Nd7 11. Nf3 e6 12. Bd2 a6 13. a4 f6 14. exf6 Bxf6 15. e4 dxe4 16. Bxe4 Bg7 17. Qe2 Nf6 18. Bd3 Bd7 19. Bc4 Nd5 20. a5 Rac8 21. b3 Qd6 22. Ne5 cxd4 23. cxd4 Rf5 24. Rxf5 exf5 25. Re1 Re8 26. Qd3 Be6 27. Nf3 h6 28. Bc1 Kh7 29. Ne5 Nf6 30. Qg3 Ng4 31. Nxg4 Qxg3 32. hxg3 fxg4 33. Rxe6 Bxd4+ 34. Kh2 Rc8 35. Re7+ Kh8 36. Be3 Bf6 37. Re6 Kg7 38. Bxh6+ 1-0